Bharat's manual of SEBI : (Record no. 67401)
[ view plain ]
| 000 -LEADER | |
|---|---|
| fixed length control field | 00523nam a22001577a 4500 |
| 005 - DATE AND TIME OF LATEST TRANSACTION | |
| control field | 20170828105045.0 |
| 020 ## - INTERNATIONAL STANDARD BOOK NUMBER | |
| Terms of availability | 380.00 |
| 035 ## - SYSTEM CONTROL NUMBER | |
| System control number | B-055359 |
| 037 ## - SOURCE OF ACQUISITION | |
| Stock number | DPL |
| Source of stock number/acquisition | ENG |
| 245 ## - TITLE STATEMENT | |
| Title | Bharat's manual of SEBI : |
| Remainder of title | Act, rules, regulations, guidelines circulars, etc. / |
| Statement of responsibility, etc | edited by Ravi Puliani and Manesh Puliani |
| 260 ## - PUBLICATION, DISTRIBUTION, ETC. (IMPRINT) | |
| Place of publication, distribution, etc | New Delhi |
| Name of publisher, distributor, etc | Bharat Law House |
| Date of publication, distribution, etc | 2001 |
| 300 ## - PHYSICAL DESCRIPTION | |
| Extent | various pages |
| Dimensions | 22 cms. |
| 700 ## - ADDED ENTRY--PERSONAL NAME | |
| Personal name | Puliani, Ravi |
| 9 (RLIN) | 48286 |
| 700 ## - ADDED ENTRY--PERSONAL NAME | |
| Personal name | Puliani, Mahesh |
| 9 (RLIN) | 48287 |
| 942 ## - ADDED ENTRY ELEMENTS (KOHA) | |
| Source of classification or shelving scheme | Dewey Decimal Classification |
| Item type | English Books |
| Classification part | 346.54092 |
| Call number suffix | BHA |
| Withdrawn status | Lost status | Not for loan | Collection code | Home library | Current library | Date acquired | Cost, normal purchase price | Full call number | Barcode | Cost, replacement price | Koha item type |
|---|---|---|---|---|---|---|---|---|---|---|---|
| Non-fiction | Sarojini Nagar | Sarojini Nagar | 01/06/2012 | 380.00 | 346.54092 BHA | B-055359 | 380.00 | English Books |
